000
00324nam a2200133Ia 4500
008
240624s9999 xx 000 0 und d
041
_a
eng
082
_a
658.314 BUS
100
_a
BUSTIN GREG
245
_a
ACCOUNTABILITY
260
_c
2014
_a
New Delhi
_b
Tata McGraw-Hill
300
_a
295 : p. : cm. ; 24
365
_c
RS
_b
33
999
_c
26205
_d
26205